Ako podať daňové priznania k dani z príjmov právnických osôb

Kto je daňovníkom dane z príjmov právnických osôb. Príjmy, ktoré netvoria predmet dane z príjmov. Prípady, v ktorých právnické osoby nepodávajú daňové priznanie. Účtovné výkazy predkladané spolu s daňovým priznaním. Oslobodenia od dane. Preddavky na daň.

Gespeichert in:
Bibliographische Detailangaben
Format: Buchkapitel
Sprache:Slowakisch
Schlagworte:
Tags: Tag hinzufügen
Keine Tags, Fügen Sie das erste Tag hinzu!

MARC

LEADER 00000naa a2200000 4500
001 r020329
005 20230921074253.5
041 0 |a slo 
044 |a SK 
245 1 0 |a Ako podať daňové priznania k dani z príjmov právnických osôb 
520 |a Kto je daňovníkom dane z príjmov právnických osôb. Príjmy, ktoré netvoria predmet dane z príjmov. Prípady, v ktorých právnické osoby nepodávajú daňové priznanie. Účtovné výkazy predkladané spolu s daňovým priznaním. Oslobodenia od dane. Preddavky na daň. 
610 2 0 |a Slovensko 
610 2 0 |a dane z príjmov 
610 2 0 |a dane 
610 2 0 |a daňovníci 
610 2 0 |a osoby právnické 
610 2 0 |a priznania daňové